Indigenismo y género: violencia doméstica /

Shranjeno v:
Bibliografske podrobnosti
Glavni avtor: Muniz, Elsa
Drugi avtorji: Corona, Adriana
Format: Texto
Teme:
Oznake: Označite
Brez oznak, prvi označite!

MARC

LEADER 00000 a a2200000 04500
001 10425
003
040
100 |a Muniz, Elsa  
245 |a Indigenismo y género: violencia doméstica /  |c Elsa Muniz ; Adriana Corona 
650 |a VIOLENCIA INTRAFAMILIAR  
650 |a POBLACION INDIGENA  
650 |a DERECHOS DE LA MUJER  
650 |a POLITICA GUBERNAMENTAL  
700 |a Corona, Adriana  
773 |g volumen 15, número 49; páginas 4158  
999 |c 38891  |d 38891